[Event "Superettan(Schack 08-Rockaden,Umea)"]
[Site "?"]
[Date "2008.11.15"]
[Round "2"]
[White "Ingbrandt, Johan"]
[Black "Forsberg, Viktor"]
[Result "1/2-1/2"]
[WhiteElo "2469"]
[BlackElo "2325"]
[PlyCount "72"]

1. d4 d5 2. c4 e6 3. Nf3 Nf6 4. g3 Be7 5. Bg2 O-O 6. Qc2 dxc4 7. Qxc4 a6 8. Bf4
Nd5 9. Nc3 Nxf4 10. gxf4 b5 11. Qd3 Ra7 12. Ne4 f5 13. Nc5 Bxc5 14. dxc5 Qxd3
15. exd3 Bb7 16. O-O Bxf3 17. Bxf3 c6 18. Rfe1 Kf7 19. Re3 Re8 20. a4 bxa4 21.
Rxa4 Rb7 22. Rd4 Rxb2 23. Rd6 a5 24. d4 a4 25. Kg2 Re7 26. Ra3 Ra7 27. Bd1 Rb4
28. Kf3 Rd7 29. Rxd7+ Nxd7 30. Rxa4 Rxa4 31. Bxa4 Nb8 32. Ke3 Ke7 33. Kd3 Kd7
34. Kc3 Na6 35. Bd1 Nc7 36. Bf3 Nd5+ 1/2-1/2

[Event "Superettan(Schack 08-Rockaden,Umea)"]
[Site "?"]
[Date "2008.11.15"]
[Round "2"]
[White "Wickstrom, Lucas"]
[Black "Schutz, Ingemar"]
[Result "1-0"]
[WhiteElo "2289"]
[BlackElo "2224"]
[PlyCount "81"]

1. d4 Nf6 2. c4 e5 3. dxe5 Ne4 4. Nf3 Nc6 5. a3 d6 6. Bf4 g5 7. Qd5 gxf4 8.
Qxe4 dxe5 9. Nc3 f5 10. Qd5 Qe7 11. O-O-O e4 12. Nd4 Nxd4 13. Qxd4 Bg7 14. Qd2
e3 15. fxe3 fxe3 16. Qc2 c6 17. g3 O-O 18. Bh3 b5 19. Rhf1 b4 20. axb4 Qxb4 21.
Bg2 Qxc4 22. Rf4 Qa6 23. Qb3+ Kh8 24. Ra4 Qb7 25. Qxb7 Bxb7 26. Rd7 Bc8 27. Re7
a6 28. Bxc6 Rb8 29. Rc4 Bf6 30. Ra7 Be6 31. Bd5 Bxd5 32. Nxd5 Bxb2+ 33. Kc2 Be5
34. Re7 Rfe8 35. Rxe8+ Rxe8 36. Nxe3 Bxg3 37. Nxf5 Bxh2 38. Kd3 Be5 39. Rc6 Rf8
40. Ke4 Bc3 41. Rxc3 1-0

[Event "Superettan(Schack 08-Rockaden,Umea)"]
[Site "?"]
[Date "2008.11.15"]
[Round "2"]
[White "Fredriksson, Leif"]
[Black "Lindgren, Fredrik"]
[Result "1-0"]
[WhiteElo "2114"]
[BlackElo "2262"]
[PlyCount "65"]

1. e4 c5 2. Nf3 Nc6 3. d4 cxd4 4. Nxd4 Nf6 5. Nc3 e6 6. Ndb5 Bc5 7. Nd6+ Ke7 8.
Nxc8+ Rxc8 9. Be2 Bb4 10. Bf3 Ne5 11. O-O Qa5 12. Bd2 Nc4 13. a3 Nxd2 14. axb4
Nxf3+ 15. Qxf3 Qxb4 16. e5 Ne8 17. Rab1 d5 18. exd6+ Nxd6 19. Rfe1 Kf8 20. Rbd1
Kg8 21. Qd3 Nf5 22. Qd7 Rf8 23. Rxe6 g6 24. Nd5 Qxb2 25. Rf6 Qxc2 26. Re1 Kg7
27. g4 Nd4 28. Re7 Qc1+ 29. Kg2 Nc2 30. h4 Ne1+ 31. Kg3 Qa3+ 32. f3 Nxf3 33.
Rxf3 1-0

[Event "Superettan(Schack 08-Rockaden,Umea)"]
[Site "?"]
[Date "2008.11.15"]
[Round "2"]
[White "Nygren, David"]
[Black "Arvidsson, Tomas"]
[Result "0-1"]
[WhiteElo "2244"]
[BlackElo "2084"]
[PlyCount "92"]

1. e4 c5 2. c3 Nf6 3. e5 Nd5 4. d4 cxd4 5. Nf3 Nc6 6. Bc4 Nb6 7. Bb3 d5 8. exd6
Qxd6 9. O-O d3 10. Na3 Bf5 11. Nb5 Qd7 12. Be3 e6 13. Nxa7 Rxa7 14. Bxb6 Ra6
15. Be3 Be7 16. Bc4 Ra8 17. Re1 O-O 18. Nd4 Bg6 19. Bxd3 Bxd3 20. Qxd3 Ne5 21.
Qe2 Rfc8 22. Red1 Qe8 23. Bf4 Ng6 24. Bg3 Rc5 25. Qe4 Qc8 26. a3 Ra6 27. f3 Rc4
28. Qe2 h5 29. h3 Bg5 30. Kh1 h4 31. Bh2 Rb6 32. Rab1 Ne7 33. Bg1 Ra6 34. Bf2
Ra5 35. Be3 Re5 36. Nc2 Nf5 37. Qf2 Bxe3 38. Nxe3 Rxe3 39. Rd2 Qc7 40. Rbd1 Qe5
41. Kg1 Ng3 42. a4 Rxa4 43. Rd8+ Kh7 44. Qc2+ g6 45. Qxa4 Re1+ 46. Kh2 Ne4+ 0-1

[Event "Superettan(Schack 08-Rockaden,Umea)"]
[Site "?"]
[Date "2008.11.15"]
[Round "2"]
[White "Dahlqvist, Ulf"]
[Black "Eriksson, Jorgen"]
[Result "1/2-1/2"]
[WhiteElo "1929"]
[BlackElo "2237"]
[PlyCount "85"]

1. d4 e6 2. c4 d5 3. Nf3 c5 4. g3 Nc6 5. Bg2 Nf6 6. O-O Be7 7. Nc3 O-O 8. cxd5
exd5 9. Bg5 cxd4 10. Nxd4 h6 11. Be3 Re8 12. Rc1 Bg4 13. h3 Be6 14. Nxc6 bxc6
15. Na4 Qd7 16. Kh2 Bf5 17. Nc5 Qc8 18. Qa4 Bd6 19. Qh4 Ne4 20. Bxe4 Bxe4 21.
Bd4 Bf5 22. Qh5 Bg6 23. Qf3 h5 24. h4 Qd8 25. Kg1 Qe7 26. Rfe1 Be5 27. Bxe5
Qxe5 28. b3 Qb2 29. a4 Qe5 30. Nd3 Bxd3 31. Qxd3 Re6 32. Rc2 Rb8 33. Rec1 Qe4
34. Qxe4 Rxe4 35. Rxc6 Rxb3 36. Rd6 Rxe2 37. Rxd5 Rf3 38. Rc8+ Kh7 39. Rxh5+
Kg6 40. Rg5+ Kh7 41. Rh5+ Kg6 42. Rg5+ Kh7 43. Rh5+ 1/2-1/2

[Event "Superettan(Schack 08-Rockaden,Umea)"]
[Site "?"]
[Date "2008.11.15"]
[Round "2"]
[White "Hammar, Ulf"]
[Black "Jonasson, Allan"]
[Result "1-0"]
[WhiteElo "2220"]
[BlackElo "1867"]
[PlyCount "69"]
[EventDate "2008.??.??"]

1. d4 f5 2. Nc3 Nf6 3. Bg5 d5 4. Bxf6 exf6 5. e3 c6 6. Qf3 Bd6 7. Bd3 g6 8.
Nge2 Qc7 9. Nf4 Bxf4 10. exf4 Be6 11. Qe3 Kf7 12. O-O-O Nd7 13. h3 Rae8 14.
Rde1 b5 15. g4 fxg4 16. hxg4 Qb8 17. Bxg6+ Kxg6 18. f5+ Bxf5 19. Qh6+ Kf7 20.
gxf5 Qd8 21. Reg1 Reg8 22. Qh5+ Ke7 23. Re1+ Kf8 24. Ne2 Rg5 25. Qh6+ Kg8 26.
Nf4 Nf8 27. Rhg1 Kf7 28. Ne6 Nxe6 29. fxe6+ Ke7 30. Rxg5 fxg5 31. Qxg5+ Kd6 32.
Qe5+ Ke7 33. Qg7+ Kd6 34. e7 Qe8 35. Qxh8 1-0

[Event "Superettan(Schack 08-Rockaden,Umea)"]
[Site "?"]
[Date "2008.11.15"]
[Round "2"]
[White "Dahlstedt, Frans"]
[Black "Engman, Rickard"]
[Result "0-1"]
[WhiteElo "1814"]
[BlackElo "2209"]
[PlyCount "60"]

1. c4 e5 2. g3 Nf6 3. Bg2 c6 4. e3 d5 5. cxd5 cxd5 6. d4 exd4 7. Qxd4 Nc6 8.
Qa4 Bb4+ 9. Bd2 Qb6 10. Nc3 Bd7 11. a3 Be7 12. Qb5 Qd8 13. Nxd5 Nb4 14. Qxb7
Nbxd5 15. Bxd5 Rb8 16. Bxf7+ Kxf7 17. Qxa7 Bc6 18. f3 Rxb2 19. Bc3 Rb3 20. Bb4
Re8 21. Rd1 Qa8 22. Qd4 Bxb4+ 23. axb4 Rexe3+ 24. Ne2 Rxe2+ 25. Kxe2 Bxf3+ 26.
Kf2 Bxh1 27. Qc4+ Bd5 28. Rxd5 Qxd5 29. Qc7+ Kg6 30. Qc2+ Qf5+ 0-1

[Event "Superettan(Wasa-Rodeby)"]
[Site "?"]
[Date "2008.11.15"]
[Round "2"]
[White "Svensson, Anders"]
[Black "Hellborg, Teodor"]
[Result "1/2-1/2"]
[WhiteElo "2340"]
[BlackElo "2379"]
[PlyCount "70"]

1. c4 e6 2. g3 Nf6 3. Bg2 d5 4. d4 dxc4 5. Qa4+ Bd7 6. Qxc4 Bc6 7. Bxc6+ Nxc6
8. Nf3 Qd5 9. Qxd5 Nxd5 10. O-O Ndb4 11. Na3 O-O-O 12. e3 Nd3 13. Nc4 b5 14.
Ncd2 e5 15. Nb3 Be7 16. Rd1 e4 17. Nfd2 f5 18. f3 Bg5 19. Nf1 Rhe8 20. Rb1 Ncb4
21. f4 Be7 22. a3 Na6 23. Bd2 c5 24. Bc3 g6 25. Nc1 cxd4 26. Bxd4 Ndc5 27. b4
Ne6 28. Nb3 Kb7 29. Kf2 Nxd4 30. Nxd4 Nc7 31. Nd2 a6 32. Rdc1 Nd5 33. N2b3 Rc8
34. Na5+ Kb6 35. Rxc8 Rxc8 1/2-1/2

[Event "Superettan(Wasa-Rodeby)"]
[Site "?"]
[Date "2008.11.15"]
[Round "2"]
[White "Genkin, Michael"]
[Black "Greiff, Hakan"]
[Result "1/2-1/2"]
[WhiteElo "2336"]
[BlackElo "2272"]
[PlyCount "41"]

1. d4 d5 2. c4 e6 3. Nc3 Nf6 4. Bg5 Nbd7 5. cxd5 exd5 6. e3 Be7 7. Bd3 O-O 8.
Nf3 c6 9. Qc2 Re8 10. O-O Nf8 11. Rae1 Ne4 12. Bxe7 Qxe7 13. Nd2 Nxd2 14. Qxd2
Be6 15. a3 Rad8 16. b4 a6 17. Rb1 Rd6 18. Rfe1 Qg5 19. Qc2 Qd8 20. a4 Bd7 21.
Rb2 1/2-1/2

[Event "Superettan(Wasa-Rodeby)"]
[Site "?"]
[Date "2008.11.15"]
[Round "2"]
[White "Wahlbom, Magnus"]
[Black "Astrom, Goran"]
[Result "1/2-1/2"]
[WhiteElo "2235"]
[BlackElo "2270"]
[PlyCount "29"]

1. e4 c5 2. Nf3 e6 3. d4 cxd4 4. Nxd4 a6 5. Nc3 Qc7 6. g3 Nf6 7. Bg2 Nc6 8. O-O
d6 9. a4 Be7 10. b3 Bd7 11. Nde2 O-O 12. Bb2 Rac8 13. h3 Nb4 14. Nf4 Rfd8 15.
Qe2 1/2-1/2

[Event "Superettan(Wasa-Rodeby)"]
[Site "?"]
[Date "2008.11.15"]
[Round "2"]
[White "Collett, Peter"]
[Black "Laksman, Efraim"]
[Result "0-1"]
[WhiteElo "2267"]
[BlackElo "2200"]
[PlyCount "92"]

1. d4 Nf6 2. c4 e6 3. Nc3 Bb4 4. e3 O-O 5. Bd3 d5 6. Nf3 c5 7. O-O Nc6 8. a3
Bxc3 9. bxc3 dxc4 10. Bxc4 Qc7 11. Ba2 b6 12. Bb2 e5 13. h3 Ba6 14. Re1 Rad8
15. Qa4 Bb7 16. Rad1 e4 17. Nd2 a6 18. Qc2 b5 19. Nb3 c4 20. Nc5 Nb8 21. a4 Bc6
22. Ra1 Rfe8 23. Ba3 Nbd7 24. Qe2 Nxc5 25. Bxc5 Nd7 26. Bb4 Ra8 27. Bb1 Nf6 28.
Qb2 Nd5 29. axb5 axb5 30. Bc2 f5 31. Bc5 Ra5 32. Bb4 Raa8 33. Bc5 Qb7 34. g3 g6
35. h4 h6 36. Reb1 g5 37. hxg5 hxg5 38. Kg2 Rxa1 39. Rxa1 f4 40. Ra7 f3+ 41.
Kf1 Qc8 42. Ke1 Qh3 43. Bd1 Qg2 44. Be2 Nxe3 45. d5 Qg1+ 46. Kd2 Qxf2 0-1

[Event "Superettan(Wasa-Rodeby)"]
[Site "?"]
[Date "2008.11.15"]
[Round "2"]
[White "Ostling, Hakan"]
[Black "Nordstrom, Felix"]
[Result "1-0"]
[WhiteElo "2185"]
[BlackElo "2222"]
[PlyCount "135"]

1. g3 d5 2. Bg2 g6 3. c4 c6 4. cxd5 cxd5 5. Qb3 Nf6 6. Nc3 e6 7. d3 Nc6 8. Nf3
Bg7 9. Qa3 Bf8 10. Qb3 Bg7 11. Qa3 Bf8 12. Qa4 Bd7 13. O-O Bg7 14. Bg5 h6 15.
Be3 O-O 16. Qh4 Nh7 17. Qxd8 Rfxd8 18. d4 Nf6 19. Rfd1 Ne8 20. h4 Nd6 21. Bf4
Be8 22. Rac1 Rac8 23. Bxd6 Rxd6 24. Nb5 Rdd8 25. e3 Bf8 26. Bf1 a6 27. Nc3 Na5
28. Ne5 f6 29. Nd3 Kf7 30. Bh3 g5 31. Nc5 Bxc5 32. dxc5 Nc4 33. b3 Ne5 34. f4
Nc6 35. f5 Bd7 36. Na4 exf5 37. Nb6 Rc7 38. Nxd5 Rcc8 39. Nb6 Rc7 40. Nxd7
Rcxd7 41. Rxd7+ Rxd7 42. Bxf5 Re7 43. Kf2 a5 44. Rc4 Rc7 45. a3 Ne7 46. Be4 f5
47. Bg2 Ke6 48. b4 axb4 49. Rxb4 Rxc5 50. Rxb7 Rc2+ 51. Kg1 Rc3 52. Rb6+ Ke5
53. Rxh6 Rxe3 54. Kf2 Rxa3 55. hxg5 Ra2+ 56. Kg1 Ra3 57. Kh2 f4 58. gxf4+ Kxf4
59. Re6 Nf5 60. g6 Ra7 61. Rf6 Kg5 62. Rf7 Ra6 63. Be4 Nh6 64. g7 Re6 65. Bd5
Re8 66. Rf8 Re7 67. g8=Q+ Nxg8 68. Rxg8+ 1-0

[Event "Superettan(Wasa-Rodeby)"]
[Site "?"]
[Date "2008.11.15"]
[Round "2"]
[White "Soderberg, Per"]
[Black "Bernhardsson, Sten"]
[Result "1/2-1/2"]
[WhiteElo "2214"]
[BlackElo "2141"]
[PlyCount "88"]

1. e4 c5 2. Nf3 e6 3. c3 Nf6 4. e5 Nd5 5. d4 d6 6. Bb5+ Bd7 7. Bxd7+ Nxd7 8.
O-O dxe5 9. dxe5 Be7 10. c4 Nb4 11. Qe2 Qc7 12. b3 O-O 13. Bb2 Rfd8 14. Nc3 a6
15. Rad1 Nc6 16. Rfe1 Nf8 17. Nd5 exd5 18. cxd5 Nd4 19. Nxd4 cxd4 20. d6 Bxd6
21. exd6 Rxd6 22. Bxd4 Re6 23. Qf3 Rae8 24. Rxe6 Nxe6 25. Re1 Qa5 26. Bc3 Qxa2
27. Qxb7 Qc2 28. Qd7 Rf8 29. Bb4 Rc8 30. h3 h6 31. Ba3 Rd8 32. Qb7 Rd1 33. Rxd1
Qxd1+ 34. Kh2 Qd3 35. Bc1 Qe2 36. Be3 Qd3 37. b4 Qd6+ 38. g3 Qd3 39. Qc6 Qb5
40. Qe4 Qf1 41. Qa8+ Kh7 42. Qf3 Kg8 43. Qa8+ Kh7 44. Qf3 Kg8 1/2-1/2

[Event "Superettan(Wasa-Rodeby)"]
[Site "?"]
[Date "2008.11.15"]
[Round "2"]
[White "Nereltjak, Nedzad"]
[Black "Hallerod, Ralph"]
[Result "0-1"]
[WhiteElo "2085"]
[BlackElo "1978"]
[PlyCount "104"]

1. e4 c6 2. d4 d5 3. Nc3 dxe4 4. Nxe4 Nf6 5. Ng3 Bg4 6. f3 Bf5 7. Nxf5 Qa5+ 8.
c3 Qxf5 9. Bd3 Qd5 10. Qe2 e6 11. Nh3 Bd6 12. b4 Bc7 13. O-O h6 14. Bc4 Qd7 15.
Re1 Nd5 16. Bd2 Qd6 17. g3 Nd7 18. Nf2 O-O-O 19. a4 g5 20. a5 Rhe8 21. b5 c5
22. Ne4 Qf8 23. Qf2 b6 24. dxc5 Nxc5 25. Bf1 Nb3 26. Rab1 Nxd2 27. Nxd2 bxa5
28. Nc4 Kb7 29. b6 Bxb6 30. Rb2 Kc7 31. Nxb6 axb6 32. Re5 Qd6 33. Re4 Re7 34.
Rd4 Kb7 35. c4 Qc6 36. cxd5 Rxd5 37. Rc4 Qd6 38. Qe2 Rc7 39. Kg2 Rxc4 40. Qxc4
Rd2+ 41. Rxd2 Qxd2+ 42. Kh3 Qd5 43. Qa6+ Kc7 44. Qa7+ Qb7 45. Qxb7+ Kxb7 46.
Kg4 a4 47. Kh5 Kc6 48. Kxh6 b5 49. Bd3 Kc5 50. Kxg5 b4 51. h4 a3 52. Bb1 b3 0-1

[Event "Superettan(Wasa-Rodeby)"]
[Site "?"]
[Date "2008.11.15"]
[Round "2"]
[White "Hedlund, Lars"]
[Black "Eriksson, Bengt"]
[Result "1-0"]
[WhiteElo "1956"]
[BlackElo "1990"]
[PlyCount "72"]

1. Nf3 f5 2. c4 d6 3. d4 g6 4. Nc3 Bg7 5. g3 c6 6. Bg2 a5 7. O-O Nh6 8. Qc2 Nf7
9. e4 e5 10. dxe5 dxe5 11. Rd1 Qf6 12. exf5 gxf5 13. Be3 O-O 14. Rac1 Be6 15.
Qa4 Nd7 16. Nd5 cxd5 17. cxd5 f4 18. dxe6 Ng5 19. Nxg5 Qxg5 20. exd7 fxe3 21.
Qb3+ Kh8 22. Qxe3 Qf6 23. Rc2 Rad8 24. Bh3 Bh6 25. Qe2 Bg7 26. Rc8 Qb6 27. Rxd8
Rxd8 28. Qg4 Qh6 29. Qe6 Qxe6 30. Bxe6 Bf6 31. Rd5 b6 32. Bf5 Kg7 33. h4 h6 34.
Rd6 Rb8 35. Rc6 Rd8 36. Rxb6 Be7 1-0

[Event "Superettan(Orebro-Rockaden II,Sthlm)"]
[Site "?"]
[Date "2008.11.15"]
[Round "2"]
[White "Berggren, Jonatan"]
[Black "Fransson, Peter"]
[Result "1/2-1/2"]
[WhiteElo "2249"]
[BlackElo "2339"]
[PlyCount "68"]

1. e4 d6 2. d4 Nf6 3. Nc3 c6 4. Nf3 Bg4 5. h3 Bxf3 6. Qxf3 e5 7. d5 Be7 8. Be3
Qa5 9. a3 Nbd7 10. Bc4 b5 11. b4 Qc7 12. Bd3 a6 13. dxc6 Qxc6 14. Bd2 O-O 15.
O-O Nb6 16. Ne2 Nc4 17. Bg5 h6 18. Bxf6 Bxf6 19. Bxc4 Qxc4 20. Nc3 Rac8 21. Nd5
Bd8 22. c3 g6 23. Rfe1 f5 24. Qe2 Bg5 25. Qa2 Kg7 26. f3 fxe4 27. Qxc4 Rxc4 28.
Rxe4 Rc6 29. Rd1 Bd8 30. Kf1 Rf7 31. Ke2 a5 32. Kd3 axb4 33. axb4 Ra7 34. Ke2
Kf7 1/2-1/2

[Event "Superettan(Orebro-Rockaden II,Sthlm)"]
[Site "?"]
[Date "2008.11.15"]
[Round "2"]
[White "Drugge, Patrick"]
[Black "Olofsson, Dan"]
[Result "1-0"]
[WhiteElo "2251"]
[BlackElo "2239"]
[PlyCount "77"]

1. e4 e5 2. Nf3 Nc6 3. Bc4 Nf6 4. Ng5 d5 5. exd5 Na5 6. d3 h6 7. Nf3 Nxd5 8.
Nxe5 Be6 9. O-O Bd6 10. Bxd5 Bxd5 11. Bf4 O-O 12. Nc3 Be6 13. Qh5 Nc6 14. Nxc6
bxc6 15. Be3 f5 16. Rfe1 Qf6 17. f4 Rab8 18. Rab1 c5 19. Qf3 Qf7 20. b3 Rb4 21.
Qf2 Qf6 22. a3 Rbb8 23. Bxc5 Bxb3 24. Bd4 Qf7 25. Rxb3 Rxb3 26. cxb3 Qxb3 27.
Qa2 Qxa2 28. Nxa2 Bxa3 29. Bxa7 Bd6 30. Be3 Ra8 31. Re2 Ra3 32. Nc1 Kf7 33. Kf2
Rc3 34. h3 Ba3 35. Re1 Bd6 36. Kf3 c5 37. Re2 Kf6 38. Ra2 g5 39. Bd2 1-0

[Event "Superettan(Orebro-Rockaden II,Sthlm)"]
[Site "?"]
[Date "2008.11.15"]
[Round "2"]
[White "Sandbom, Jonas"]
[Black "Gruvaeus, Curt"]
[Result "1/2-1/2"]
[WhiteElo "2212"]
[BlackElo "2372"]
[PlyCount "62"]

1. e4 g6 2. d4 Bg7 3. Nf3 d6 4. Nc3 a6 5. a4 b6 6. Be3 Nd7 7. Qd2 Bb7 8. Bd3 e6
9. O-O c6 10. Rae1 b5 11. axb5 axb5 12. d5 b4 13. dxe6 bxc3 14. exd7+ Qxd7 15.
bxc3 Ne7 16. Bd4 O-O 17. Qf4 f6 18. Bc4+ Kh8 19. Rd1 g5 20. Qg3 d5 21. exd5
Nxd5 22. Bd3 Nf4 23. h3 Rfe8 24. Rfe1 Rad8 25. Bb6 Rxe1+ 26. Rxe1 Re8 27. Rxe8+
Qxe8 28. Be3 Nd5 29. Bd4 Nf4 30. Qg4 Bc8 31. Qg3 h6 1/2-1/2

[Event "Superettan(Orebro-Rockaden II,Sthlm)"]
[Site "?"]
[Date "2008.11.15"]
[Round "2"]
[White "Lind, Jan-Olov"]
[Black "Westerberg, Jonathan"]
[Result "0-1"]
[WhiteElo "2229"]
[BlackElo "2149"]
[PlyCount "44"]
[EventDate "2008.??.??"]

1. e4 d5 2. exd5 Nf6 3. c4 c6 4. d4 cxd5 5. Nc3 e6 6. Nf3 Bb4 7. cxd5 exd5 8.
Bd3 O-O 9. Ne5 Ne4 10. O-O Bxc3 11. Bxe4 dxe4 12. bxc3 Be6 13. Re1 f6 14. Nd3
f5 15. f3 Bd5 16. fxe4 Bxe4 17. Nc5 Bd5 18. Ne6 Bxe6 19. Rxe6 Nc6 20. Rb1 Qd7
21. d5 Rfd8 22. c4 Qxe6 0-1

[Event "Superettan(Orebro-Rockaden II,Sthlm)"]
[Site "?"]
[Date "2008.11.15"]
[Round "2"]
[White "Backman, Michael"]
[Black "Zetterberg, Staffan"]
[Result "0-1"]
[WhiteElo "2118"]
[BlackElo "2318"]
[PlyCount "70"]

1. d4 Nf6 2. c4 c5 3. d5 b5 4. cxb5 a6 5. f3 g6 6. e4 d6 7. Nc3 Bg7 8. Bd3 Nbd7
9. f4 O-O 10. Nf3 axb5 11. e5 dxe5 12. Bxb5 e4 13. Ng5 Bb7 14. O-O Nb6 15. Be3
Nbxd5 16. Bxc5 Qc7 17. Bd4 Nxf4 18. Rc1 Qd6 19. Bxf6 Qxf6 20. Qg4 Qb6+ 21. Kh1
Nd3 22. Bc4 Nxc1 23. Nxf7 Rxf7 24. Bxf7+ Kh8 25. Rxc1 Qxb2 26. Ne2 Rf8 27. Bc4
Rc8 28. Rd1 Bf6 29. Nf4 e3 30. Qh3 Qc2 31. Bb3 Qe4 32. Nd5 e2 33. Re1 Rc1 34.
Qg3 Rxe1+ 35. Qxe1 Bxd5 0-1

[Event "Superettan(Orebro-Rockaden II,Sthlm)"]
[Site "?"]
[Date "2008.11.15"]
[Round "2"]
[White "Blomstrom, Lars"]
[Black "Lindbom, Niclas"]
[Result "1-0"]
[WhiteElo "2070"]
[BlackElo "1968"]
[PlyCount "61"]

1. e4 c5 2. Nf3 d6 3. d4 cxd4 4. Nxd4 Nf6 5. Nc3 a6 6. f4 e6 7. Be3 Qc7 8. Qf3
b5 9. Bd3 Bb7 10. O-O Nbd7 11. a3 Be7 12. Rae1 Nc5 13. Bf2 O-O 14. Qh3 d5 15.
e5 Nfe4 16. Bxe4 Nxe4 17. Nxe4 dxe4 18. Qg3 Bd5 19. Be3 Bc5 20. c3 Bxd4 21.
Bxd4 g6 22. Rf2 Rfc8 23. f5 exf5 24. Rxf5 a5 25. Rf4 Qe7 26. Rh4 b4 27. Rf4
bxa3 28. bxa3 Qxa3 29. e6 Bxe6 30. Rfxe4 Bd5 31. Qe5 1-0

[Event "Superettan(Orebro-Rockaden II,Sthlm)"]
[Site "?"]
[Date "2008.11.15"]
[Round "2"]
[White "Jafarzadeh, Mehrdad"]
[Black "Jonsson, Krister"]
[Result "1/2-1/2"]
[WhiteElo "1921"]
[BlackElo "2102"]
[PlyCount "94"]

1. d4 d5 2. Nf3 Nf6 3. c4 c6 4. e3 e6 5. Qc2 Nbd7 6. Nc3 a6 7. b3 Bb4 8. Bb2
Ne4 9. a3 Bxc3+ 10. Bxc3 Nxc3 11. Qxc3 O-O 12. Be2 Nf6 13. O-O Ne4 14. Qb2 Qe7
15. b4 Bd7 16. a4 Rfc8 17. Rfc1 f6 18. h3 Be8 19. b5 dxc4 20. bxa6 Rxa6 21.
Bxc4 Ra5 22. Rcb1 Nd6 23. Bd3 Rca8 24. Bc2 R8a7 25. Nd2 Bf7 26. Qb4 b5 27. Ra3
Nc8 28. Ne4 Bg6 29. Rb2 Nb6 30. Qxe7 Rxe7 31. Rc3 Nxa4 32. Bxa4 Bxe4 33. Bb3
Ra6 34. f3 Bd5 35. e4 Bxb3 36. Rbxb3 Rd7 37. Rd3 Ra4 38. d5 exd5 39. exd5 Rxd5
40. Rxd5 cxd5 41. Rxb5 Rd4 42. Rb7 Rd2 43. Rd7 h5 44. h4 Kh7 45. Kh2 Kg6 46.
Kg3 d4 47. Kf4 Rxg2 1/2-1/2

[Event "Superettan(Orebro-Rockaden II,Sthlm)"]
[Site "?"]
[Date "2008.11.15"]
[Round "2"]
[White "Larsson, Patrik"]
[Black "Bryntze, Stefan"]
[Result "1-0"]
[WhiteElo "2081"]
[BlackElo "2100"]
[PlyCount "40"]
[EventDate "2008.??.??"]

1. Nf3 f5 2. g3 Nf6 3. Bg2 e6 4. c4 b6 5. O-O Bb7 6. Nc3 Bb4 7. d4 Bxc3 8. bxc3
Ne4 9. Qb3 Nc6 10. Ne5 Nxe5 11. dxe5 Qe7 12. Ba3 c5 13. Rad1 h5 14. Bc1 h4 15.
f3 hxg3 16. fxe4 Rxh2 17. Rf4 g5 18. Rf3 f4 19. Rdd3 Qh7 20. e3 Rh1+ 1-0

[Event "Superettan(Rockaden II,Sthlm-Rodeby)"]
[Site "?"]
[Date "2008.11.16"]
[Round "3"]
[White "Svensson, Anders"]
[Black "Hanninger, Simon"]
[Result "1/2-1/2"]
[WhiteElo "2340"]
[BlackElo "2299"]
[PlyCount "103"]
[SourceDate "2008.11.26"]

1. c4 e5 2. g3 Nc6 3. Bg2 g6 4. Nc3 Bg7 5. d3 d6 6. e4 f5 7. Nge2 Nf6 8. O-O
O-O 9. Nd5 h6 10. h3 Ne7 11. Be3 Nfxd5 12. cxd5 c6 13. dxc6 bxc6 14. d4 fxe4
15. dxe5 d5 16. Rc1 Ba6 17. f4 Nf5 18. Bc5 Bxe2 19. Qxe2 Nxg3 20. Qg4 Nxf1 21.
Rxf1 Rf7 22. Qxg6 Qe8 23. Bd6 Rd7 24. Qg3 Rxd6 25. exd6 Rd8 26. Qa3 Bd4+ 27.
Kh1 Qd7 28. Qb3 Kh7 29. Rd1 Bc5 30. h4 Bxd6 31. Bh3 Qe7 32. Qg3 Rf8 33. h5 Qf6
34. Rg1 Kh8 35. Qg6 Qxg6 36. Rxg6 Bxf4 37. Rxc6 Re8 38. Bf1 e3 39. Be2 d4 40.
Rc2 Rd8 41. Bd3 Rg8 42. Rc5 Rg5 43. Rxg5 hxg5 44. h6 e2 45. Bxe2 Kh7 46. Kg2
Kxh6 47. Kf3 Kg6 48. Ke4 Be3 49. b4 Kf6 50. a4 Ke6 51. b5 Kd6 52. a5 1/2-1/2

[Event "Superettan(Rockaden II,Sthlm-Rodeby)"]
[Site "?"]
[Date "2008.11.16"]
[Round "3"]
[White "Orndahl, Markus"]
[Black "Greiff, Hakan"]
[Result "1/2-1/2"]
[WhiteElo "2298"]
[BlackElo "2272"]
[PlyCount "31"]

1. e4 e5 2. Nf3 Nc6 3. Bb5 a6 4. Ba4 d6 5. O-O Bg4 6. c3 Qf6 7. d3 Nge7 8. Nbd2
Ng6 9. b4 Nf4 10. Bxc6+ bxc6 11. Nc4 Be7 12. Bxf4 Qxf4 13. Ne3 Bxf3 14. Qxf3
Qxf3 15. gxf3 Bg5 16. Kh1 1/2-1/2

[Event "Superettan(Rockaden II,Sthlm-Rodeby)"]
[Site "?"]
[Date "2008.11.16"]
[Round "3"]
[White "Wahlbom, Magnus"]
[Black "Berggren, Jonatan"]
[Result "1/2-1/2"]
[WhiteElo "2235"]
[BlackElo "2249"]
[PlyCount "53"]

1. e4 c5 2. Nf3 e6 3. d4 cxd4 4. Nxd4 a6 5. Nc3 b5 6. Bd3 Qb6 7. Nb3 Qc7 8. O-O
d6 9. a4 b4 10. Na2 Nc6 11. Qe2 Nf6 12. Bd2 d5 13. exd5 Nxd5 14. c3 Bd6 15.
Nxb4 Ncxb4 16. cxb4 Nxb4 17. Bxb4 Bxb4 18. Rac1 Qe7 19. Nd4 Bb7 20. Nc6 Bxc6
21. Rxc6 a5 22. Qc2 O-O 23. Bxh7+ Kh8 24. Be4 Rad8 25. Rd1 Qf6 26. Rxd8 Rxd8
27. g3 1/2-1/2

[Event "Superettan(Rockaden II,Sthlm-Rodeby)"]
[Site "?"]
[Date "2008.11.16"]
[Round "3"]
[White "Olofsson, Dan"]
[Black "Laksman, Efraim"]
[Result "1/2-1/2"]
[WhiteElo "2239"]
[BlackElo "2200"]
[PlyCount "58"]

1. e4 e5 2. Nf3 Nf6 3. Nxe5 d6 4. Nf3 Nxe4 5. d4 d5 6. Bd3 Bg4 7. O-O Be7 8. c4
O-O 9. cxd5 Nf6 10. Nc3 Nxd5 11. Be4 Be6 12. Ne5 c6 13. Qd3 Nf6 14. Bf3 Nbd7
15. Bf4 Nxe5 16. Bxe5 Qd7 17. Rfd1 Rad8 18. Qc2 Bg4 19. Bxg4 Nxg4 20. Ne4 Qd5
21. Nc3 Qe6 22. Re1 Qd7 23. Rad1 Bb4 24. a3 Bxc3 25. bxc3 Nxe5 26. Rxe5 Rfe8
27. Rde1 Rxe5 28. Rxe5 f6 29. Re4 c5 1/2-1/2

[Event "Superettan(Rockaden II,Sthlm-Rodeby)"]
[Site "?"]
[Date "2008.11.16"]
[Round "3"]
[White "Bernhardsson, Sten"]
[Black "Sandbom, Jonas"]
[Result "1-0"]
[WhiteElo "2141"]
[BlackElo "2212"]
[PlyCount "67"]

1. d4 Nf6 2. c4 g6 3. Nc3 d5 4. Bg5 Ne4 5. Bh4 Nxc3 6. bxc3 Bg7 7. e3 c5 8. Nf3
Nc6 9. cxd5 Qxd5 10. Be2 cxd4 11. cxd4 Qa5+ 12. Nd2 e5 13. O-O exd4 14. Nc4 Qd5
15. e4 Qe6 16. f4 O-O 17. Bd3 f5 18. e5 Nb4 19. Nd6 Nxd3 20. Qxd3 Qd5 21. Be7
Bd7 22. Bxf8 Bxf8 23. Rfd1 Bxd6 24. exd6 Qxd6 25. Qxd4 Qxd4+ 26. Rxd4 Bc6 27.
Rad1 Kf7 28. Rd8 Rxd8 29. Rxd8 h6 30. Rd6 Kg7 31. Kf2 g5 32. g3 gxf4 33. gxf4
Be4 34. Ke3 1-0

[Event "Superettan(Rockaden II,Sthlm-Rodeby)"]
[Site "?"]
[Date "2008.11.16"]
[Round "3"]
[White "Kyhle, Bo"]
[Black "Ostling, Hakan"]
[Result "0-1"]
[WhiteElo "2162"]
[BlackElo "2185"]
[PlyCount "58"]

1. d4 f5 2. g3 Nf6 3. Bg2 g6 4. Nf3 Bg7 5. O-O O-O 6. Nbd2 Nc6 7. c3 d5 8. Qb3
Qd6 9. a4 h6 10. Re1 Ne4 11. Nf1 g5 12. N3d2 Kh8 13. f3 Nxd2 14. Bxd2 f4 15. e3
e5 16. Qa3 Qg6 17. dxe5 fxg3 18. hxg3 Nxe5 19. f4 Nc4 20. Qa2 gxf4 21. gxf4 Bg4
22. b3 Bf3 23. Bc1 Bxc3 24. bxc4 Rg8 25. Re2 Bxe2 26. Qxe2 Bxa1 27. Bb2+ Bxb2
28. Qxb2+ Rg7 29. Kh2 Rag8 0-1

[Event "Superettan(Rockaden II,Sthlm-Rodeby)"]
[Site "?"]
[Date "2008.11.16"]
[Round "3"]
[White "Eriksson, Bengt"]
[Black "Revelj, Oskar"]
[Result "0-1"]
[WhiteElo "1990"]
[BlackElo "2160"]
[PlyCount "128"]

1. d4 Nf6 2. Bg5 e6 3. e4 h6 4. Bxf6 Qxf6 5. Nc3 d6 6. Qd2 c6 7. O-O-O Nd7 8.
f4 e5 9. g3 exd4 10. Nce2 c5 11. c3 Qe6 12. cxd4 Qxe4 13. Nc3 Qxh1 14. Qe2+ Be7
15. Nf3 O-O 16. Ne4 Bf6 17. Nf2 Qxf3 18. Qxf3 Bxd4 19. Ne4 d5 20. Nd6 Nb6 21.
Nxc8 Raxc8 22. g4 Rfe8 23. g5 hxg5 24. fxg5 Be3+ 25. Kb1 Bxg5 26. Bd3 Re3 27.
Qf5 Bf6 28. Rg1 Kf8 29. h4 c4 30. Bc2 Rce8 31. Bd1 Re1 32. Rxe1 Rxe1 33. Kc2
Bxh4 34. a4 a5 35. Qf4 Bd8 36. Qd6+ Ke8 37. Bh5 Re7 38. b3 g6 39. Bxg6 cxb3+
40. Kxb3 fxg6 41. Qxg6+ Kd7 42. Qd3 Re4 43. Qb5+ Kd6 44. Qxa5 Rxa4 45. Qd2 Rc4
46. Qh6+ Kd7 47. Qh3+ Kc7 48. Qh2+ Kc6 49. Qh8 Bc7 50. Qe8+ Nd7 51. Qe6+ Bd6
52. Qe8 Re4 53. Qc8+ Bc7 54. Qg8 Nc5+ 55. Kc3 Ba5+ 56. Kc2 Re2+ 57. Kb1 Re6 58.
Kc2 Kb5 59. Qf7 d4 60. Qg8 d3+ 61. Kb2 Re2+ 62. Kb1 Re1+ 63. Ka2 Bc3 64. Qc4+
Kxc4 0-1